000 00542nam a2200193 a 4500
001 1770212244276
003 YourLibrary
005 20260204191113.0
008 260204s2006##################000#0#eng##
020 _a9781845421250
082 0 4 _a302.35
_bKYR
100 1 _aKyriakidou, Olivia,
_eauthor.
245 1 0 _aRelational Perspectives in Organizational Studies :
260 _bEdward Elgar Publishing,
_c2006.
300 _a321 pages
650 0 _aBusiness & Economics.
942 _cENGLISH
040 _aYourLibrary
_beng
_cYourLibrary
999 _c610210
_d610210